|
|
|
|
| LEADER |
00000naa2a2200000 4500 |
| 001 |
244053 |
| 005 |
20251222151158.0 |
| 035 |
|
|
|a (RuTPU)RU\TPU\book\265415
|
| 035 |
|
|
|a RU\TPU\book\265278
|
| 090 |
|
|
|a 244053
|
| 100 |
|
|
|a 20131014d2013 k y0rusy50 ca
|
| 101 |
0 |
|
|a rus
|
| 102 |
|
|
|a RU
|
| 135 |
|
|
|a arnn ---uucaa
|
| 181 |
|
0 |
|a i
|
| 182 |
|
0 |
|a b
|
| 200 |
1 |
|
|a Анализ опыта зарубежных и отечественных университетов в осуществлении предмагистерской подготовки иностранных граждан
|f Н. И. Гузарова, Г. В. Кашкан, Н. Б. Шахова
|
| 203 |
|
|
|a Текст
|c электронный
|
| 225 |
1 |
|
|a Родной и иностранные языки в обучении и профессиональной деятельности инженера/специалиста
|
| 300 |
|
|
|a Заглавие с экрана
|
| 320 |
|
|
|a [Библиогр.: с. 306 (16 назв.)]
|
| 337 |
|
|
|a Adobe Reader
|
| 463 |
|
1 |
|0 (RuTPU)RU\TPU\book\262130
|t Уровневая подготовка специалистов: государственные и международные стандарты инженерного образования
|o сборник трудов научно-методической конференции, 26-30 марта 2013 г., Томск
|f Национальный исследовательский Томский политехнический университет (ТПУ) ; ред. кол. А. И. Чучалин [и др.]
|v [С. 303-306]
|d 2013
|
| 610 |
1 |
|
|a труды учёных ТПУ
|
| 610 |
1 |
|
|a электронный ресурс
|
| 610 |
1 |
|
|a зарубежные университеты
|
| 610 |
1 |
|
|a отечественные университеты
|
| 610 |
1 |
|
|a предмагистерская подготовка
|
| 610 |
1 |
|
|a иностранные граждане
|
| 610 |
1 |
|
|a магистерские программы
|
| 700 |
|
1 |
|a Гузарова
|b Н. И.
|c историк
|c доцент Томского политехнического университета, кандидат исторических наук
|f 1955-
|g Надежда Ивановна
|3 (RuTPU)RU\TPU\pers\26631
|
| 701 |
|
1 |
|a Кашкан
|b Г. В.
|c химик
|c доцент Томского политехнического университета, кандидат химических наук
|f 1948-
|g Галина Валериановна
|3 (RuTPU)RU\TPU\pers\25971
|9 11821
|
| 701 |
|
1 |
|a Шахова
|b Н. Б.
|c химик
|c доцент Томского политехнического университета, кандидат химических наук
|f 1982-
|g Нина Борисовна
|3 (RuTPU)RU\TPU\pers\25653
|9 11564
|
| 712 |
0 |
2 |
|a Национальный исследовательский Томский политехнический университет (ТПУ)
|b Институт социально-гуманитарных технологий (ИСГТ)
|b Кафедра истории и регионоведения (ИСТ)
|3 (RuTPU)RU\TPU\col\18372
|
| 712 |
0 |
2 |
|a Национальный исследовательский Томский политехнический университет (ТПУ)
|b Институт международного образования и языковой коммуникации (ИМОЯК)
|b Кафедра междисциплинарная (МД)
|3 (RuTPU)RU\TPU\col\19012
|
| 801 |
|
2 |
|a RU
|b 63413507
|c 20161114
|g RCR
|
| 856 |
4 |
|
|u http://www.lib.tpu.ru/fulltext/c/2013/C09/173.pdf
|
| 942 |
|
|
|c CF
|